| Tag |
First Indicator |
Second Indicator |
Subfields |
| LEADER |
00000cam a2200000Ma 4500 |
| 001 |
in00003554343 |
| 006 |
m o d |
| 007 |
cr nn||||||||| |
| 008 |
121227s1992 gw a o 000 0 eng d |
| 005 |
20260420203757.7 |
| 020 |
|
|
|a 9783642500527 (electronic bk.)
|
| 020 |
|
|
|a 3642500528 (electronic bk.)
|
| 035 |
|
|
|a (OCoLC)840291915
|
| 040 |
|
|
|a I9W
|b eng
|e pn
|c I9W
|d OCLCO
|d OCLCQ
|d UV0
|d OCLCO
|d GW5XE
|d OCLCF
|d UtOrBLW
|
| 049 |
|
|
|a TXAM
|
| 050 |
|
4 |
|a QC174.7-175.36
|
| 082 |
0 |
4 |
|a 621
|2 23
|
| 100 |
1 |
|
|a Zakharov, Vladimir E.
|
| 245 |
1 |
0 |
|a Kolmogorov Spectra of Turbulence I :
|b Wave Turbulence /
|c by Vladimir E. Zakharov, Victor S. L'vov, Gregory Falkovich.
|
| 264 |
|
1 |
|a Berlin, Heidelberg :
|b Springer Berlin Heidelberg,
|c 1992.
|
| 300 |
|
|
|a 1 online resource (XIII, 264 pages 34 illustrations)
|
| 336 |
|
|
|a text
|b txt
|2 rdacontent
|
| 337 |
|
|
|a computer
|b c
|2 rdamedia
|
| 338 |
|
|
|a online resource
|b cr
|2 rdacarrier
|
| 490 |
1 |
|
|a Springer Series in Nonlinear Dynamics, 0940-2535
|
| 520 |
|
|
|a This comprehensive introduction into a modern and rapidly developing field starts on the level of graduates and young researchers. It provides a general theory of developed turbulence with a consistent description of phenomena in different media such as plasmas, solids, atmosphere, oceans and space. Starting from simple dimensional analysis the exposition proceeds to rigorous theory with exact solutions for the stationary spectra of turbulence, the solution of the stability problem, matching of Kolmogorov-like spectra with pumping and damping. The reader is provided with the necessary tools for studying nonlinear waves andturbulence: Hamiltonian formalisms, methods of statistical description, derivation of kinetic equations and solutions.
|
| 500 |
|
|
|a Electronic resource.
|
| 650 |
|
0 |
|a Physics.
|
| 650 |
|
7 |
|a Physics.
|2 fast
|0 (OCoLC)fst01063025
|
| 655 |
|
7 |
|a Electronic books.
|2 local
|
| 700 |
1 |
|
|a L'vov, Victor S.
|
| 700 |
1 |
|
|a Falkovich, G.
|q (Grigory),
|d 1958-
|
| 710 |
2 |
|
|a SpringerLink (Online service)
|
| 830 |
|
0 |
|a Springer series in nonlinear dynamics.
|
| 856 |
4 |
0 |
|u http://proxy.library.tamu.edu/login?url=https://link.springer.com/10.1007/978-3-642-50052-7
|z Connect to the full text of this electronic book
|t 0
|
| 994 |
|
|
|a 92
|b TXA
|
| 999 |
|
|
|a MARS
|
| 999 |
f |
f |
|s ea21dc7c-5d72-36f4-9318-2ab6dee1d033
|i 204b1d17-3e93-3e87-aa14-c3eab48e4049
|t 0
|
| 952 |
f |
f |
|a Texas A&M University
|b College Station
|c Electronic Resources
|s www_evans
|d Available Online
|t 0
|e QC174.7-175.36
|h Library of Congress classification
|
| 998 |
f |
f |
|a QC174.7-175.36
|t 0
|l Available Online
|